00930nab a22002057a 4500003000400000005001700004008004100021040000700062100003100069245010400100260007300204300001600277500004500293505011000338505009000448650002700538650001400565650001200579773013300591OSt20250306134243.0190603e xxum|||| |||| 00| 0 spa d cPJ aMarcos, Guillermo Andrés10aQuiebra de consumidores y de no consumidores endeudados excesivamente /cGuillermo Andrés Marcos. cCiudad Autónoma de Buenos Aires :aThomson Reuters La Ley, b2024. ap. 292-296. aCita Online: TR LALEY AR/DOC/1748/2024.  aFallo comentado: CCiv. y Com., Azul, sala II ~ 22/02/2024 ~ Sosa, Fernando Ariel s/ quiebra (pequeña). t¿Te interesa el texto completo? Solicitalo al correo: koha@justierradelfuego.gov.ar  0aDEFENSA DEL CONSUMIDOR 0aCONCURSOS 0aQUIEBRA0 02713dCiudad Autónoma de Buenos Aires : Thomson Reuters La Ley, 2015-tRevista Código Civil y Comercial. Nº 4 - Agosto 2024